000 01288nam a2200349Ia 4500
001 Z_6668
003 CHAP
005 20230707125316.0
008 220113s2014 xx 000 0 und d
010 _a169939
040 _cCHAP
090 _aTesis E87 2374
100 _aEsquivel Zepeda, Roberto
_9129053
245 _aReutilización de CIDR'S para inducir el restablecimiento de la actividad ovárica postparto en ovejas de pelo /
_cRoberto Esquivel Zepeda
260 _aMéxico :
_bEl autor,
_c2014
300 _a40 p.
502 _aTesis (Ingeniero Agrónomo Especialista en Zootecnia) -- UACh, 2014 \ Dirección: Jaime Gallegos Sánchez; asesoría: Carlos G. Germán Alarcón y Pedro Arturo Martínez Hernández
650 _aCIDR reutilizado
_9145535
650 _aGanado ovino
_9139065
650 _aInducción
_9145536
650 _aOvejas
_xraza pelibuey
_9145537
650 _aProlificidad
_9144581
700 _a Germán Alarcón, Carlos G., asesor
_9138869
700 _a Martínez Hernández, Pedro Arturo, asesor
_9137925
700 _aGallegos Sánchez, Jaime, director
_9143068
856 4 2 _uhttp://10.13.5.2/tesis/sist111224.pdf
_yDescargar PDF
901 _aTESIS E87 2374
902 _aA
910 _a2014
942 _c2
_2ddc
942 _c2
_2ddc
999 _c169939
_d169939